| 000 | 00492nam a22001697a 4500 | ||
|---|---|---|---|
| 005 | 20260306165534.0 | ||
| 008 | 260306b |||||||| |||| 00| 0 eng d | ||
| 020 | _a9789364555357 | ||
| 040 | _cILCL | ||
| 041 |
_2eng _aeng |
||
| 084 | _aX65:51 R5 | ||
| 110 |
_aNational Institute of Securities Markets _91131199 |
||
| 245 | _aAlternative Investment Funds (Category I and II) Distributors | ||
| 260 |
_aNew Delhi _bTaxmann Publications _c2025 |
||
| 300 | _aI-17,308p. | ||
| 942 |
_2CC _cTB |
||
| 999 |
_c1714834 _d1714834 |
||